| 000 | 00555nam a22001817a 4500 | ||
|---|---|---|---|
| 999 |
_c6741 _d6741 |
||
| 003 | OSt | ||
| 005 | 20200311125514.0 | ||
| 008 | 200311b ||||| |||| 00| 0 eng d | ||
| 040 | _cDNLM | ||
| 082 | _aWA525 M664u 2016 | ||
| 100 |
_aMinistry of Health _913834 |
||
| 245 | _aUganda Clinical Guidelines 2016: national guidelines for management of common conditions | ||
| 260 |
_aKampala; _bM.O.H, _c2016 |
||
| 300 |
_axxiii, 1118p; _bSome col.ill: _c17cm |
||
| 504 | _aAppendices, & index included | ||
| 650 |
_aClinical guidelines _913835 |
||
| 942 |
_2z _cSLOAN |
||